| 000 | 00702nam a2200193 i 4500 | ||
|---|---|---|---|
| 001 | 76530 | ||
| 003 | ES-MaACL | ||
| 005 | 20230906172855.0 | ||
| 007 | t| | ||
| 008 | 041004s1942 cu ||||1| spa d | ||
| 100 | 1 |
_aGuiral Moreno, Mario, _edir. _9227367 |
|
| 245 | 1 | 0 |
_aAuge y decadencia del vanguardismo literario en Cuba _b: discurso leído por su autor en la sesión inagural del curso 1942-43 / _cpor Mario Guiral Moreno. |
| 260 |
_aLa Habana : _bMolina, _c1942. |
||
| 300 |
_a24 p. ; _c24 cm. |
||
| 500 | _aPrecede al tít.: Academia Nacional de Artes y Letras. | ||
| 710 | 2 |
_aAcademia Nacional de Artes y Letras (Cuba) _91211 |
|
| 852 |
_aES-MaACL _j1842-F-8 _bR.19949 |
||
| 999 |
_c76530 _d76530 |
||